| 000 | 01063cam a22003137a 4500 | ||
|---|---|---|---|
| 003 | OSt | ||
| 005 | 20161130121810.0 | ||
| 008 | 161130s2015 spca 000 0 spa|d | ||
| 017 |
_aDL B 28394-2015 _bBiblioteca de Catalunya |
||
| 020 | _a9788490649718 | ||
| 040 |
_bcat _cCDMR |
||
| 080 |
_a28-768 _22004 |
||
| 080 |
_a343.91:343.341 _x-051 _22004 |
||
| 080 |
_a004.738.5 _22004 |
||
| 080 |
_a323.28:316.472.4 _22004 |
||
| 080 |
_a343.341 _x-051:316.472.4 2004 |
||
| 100 | 1 |
_aOrtiz Moyano, Andrés, _d1984- |
|
| 245 | 1 | 0 |
_a#Yihad _b: cómo el Estado Islámico ha conquistado Internet y los medios de comunicación _cAndrés Ortiz Moyano |
| 246 | 3 | 2 | _aYihad |
| 260 |
_aBarcelona : _bEditorial UOC, _c2015 |
||
| 300 |
_a144 p. : _bil. ; _c21 cm |
||
| 490 | 0 |
_a360º reportajes ; _v19 |
|
| 610 | 1 | 7 |
_aEstat Islàmic (Organització) _2lenoti |
| 650 | 0 | 7 |
_aGihad _2lemac |
| 650 | 0 | 7 |
_aTerroristes _xReclutament _2lemac |
| 650 | 0 | 0 |
_aTerrorisme i mitjans de comunicació de massa _2lemac _91994 |
| 650 | 0 | 7 |
_aTerroristes _xXarxes socials _2lemac |
| 942 |
_2udc _cMON |
||
| 999 |
_c6978 _d6978 |
||